| 000 | 00851nam0a22002651 4500 | ||
|---|---|---|---|
| 001 | RU\NLR\A1SV\58180 | ||
| 005 | 20251203171251.9 | ||
| 035 | _a(NLR Aleph) 009740136 | ||
| 090 |
_a9940816 _c9940816 |
||
| 100 | _a20080213d1924 u y0rusy50 ca | ||
| 101 | 0 | _arus | |
| 102 | _aRU | ||
| 200 | 1 |
_aНаставление по производству промывок и продувок паровозных котлов _fН.К.П.С. Науч.-техн. ком. |
|
| 210 |
_aМ. _cТранспечать _d1924 |
||
| 215 |
_a46, [2] с. _d18 см |
||
| 320 | _aБиблиогр.: С.44-46 | ||
| 620 | _dМосква | ||
| 712 | 0 | 1 |
_aСССР _bНар. ком. пут. сообщ. _bНауч.-техн. ком. |
| 801 | 0 |
_aRU _bNLR _c20080213 |
|
| 852 |
_aNLR _j83/766 |
||
| 899 | _aРГБ | ||
| 942 | _cBOOK | ||
| 980 | _aNB | ||
| 980 | _aA1SV | ||